00601nam a2200169 i 4500001000300000245014100003260002200144490002600166650002600192655002900218830001700247040000800264041000800272080001200280008004100292856009800333bg 4aThe Eight International Symposium on Chemical reaction engineering ISCRE 8 :bheld at the University of Edinburgh, 10-13 September 1984. aEdinburgh,c1984.1 aEFCE Event ;vno. 299 9aTechnologia chemiczna aMateriaƂy konferencyjne aEFCE Event ; cBPK apol a66(061) s pl f |000 0 pol  uhttp://koha.tu.koszalin.pl/cgi-bin/koha/opac-detail.pl?biblionumber=23103yKatalog online BPK